| 000 | 01351nam a2200337 c 4500 | ||
|---|---|---|---|
| 003 | BLK | ||
| 005 | 20230209124022.0 | ||
| 008 | 180410b bul|||||r ||||||| ||bul|| | ||
| 010 | _aKNG00166802000 | ||
| 020 |
_a978-619-164-104-8 _bиздат.: Enthusiast |
||
| 040 | _aBLK | ||
| 041 |
_aBUL _cBUL |
||
| 072 | 7 |
_2bullib _aН83 _xЧужда художествена литература Н |
|
| 080 |
_aРуска литература _b821.161.1 _x-31 _z821.161.1-31 |
||
| 100 | 1 |
_aГеласимов, Андрей Валериевич _eпърви автор _951712 |
|
| 700 | 1 |
_aДанов, Васил _eпрев. _9381566 |
|
| 139 |
_aГеласимов, Андрей Валериевич _bГ 28 |
||
| 245 | 1 | 0 |
_aГодина на лъжата _bРоман _cАндрей Валериевич Геласимов; прев. Васил Данов. |
| 257 | _aRUS | ||
| 260 |
_аСофия _bEnthusiast _c2014 _fКостинброд : Мултипринт |
||
| 300 |
_a272 с. _c21 см |
||
| 380 | _aX | ||
| 500 | _aОриг. загл. Год обмана ; Прев. по God obmana / Andrej Gelasimov. | ||
| 653 | _aромани | ||
| 659 | _aН | ||
| 852 | _aЦб 271298 | ||
| 856 | 4 |
_qpdf _u |
|
| 856 | 4 |
_qpdf _u |
|
| 942 |
_cKNG _n0 _07 |
||
| 944 |
_aCR _c04.11.2014 _lф / _kПенка_Димитрова |
||
| 944 |
_aED _c13.06.2017 _lф / _kЛюдмила_Стоянова |
||
| 999 |
_c159629 _d159629 |
||